000
00259nam a2200109Ia 4500
008
190216s9999||||xx |||||||||||||| ||und||
100
_a
Varrier P A
245
0
_a
Chavitti Kuzhacha Mannu
260
_b
Current Books
650
_a
Kathakal Malayalm
942
_c
BK
999
_c
23588
_d
23588